Atti del II Seminario Romanistico Gardesano. Promosso dall'Istituto Milanese de Diritto Roamno e toria dei Diritti Antichi
Saved in:
| Hovedforfatter: | |
|---|---|
| Format: | Bog |
| Sprog: | italiensk |
| Udgivet: |
Milán
Dott. A. Giuffrè
1980
|
| Serier: | Pubblicazioni dell'Istituto de Diritto Romano, 15
|
| Fag: | |
| Tags: |
Tilføj Tag
Ingen Tags, Vær først til at tagge denne postø!
|
MARC
| LEADER | 00000nam a2200000 a 4500 | ||
|---|---|---|---|
| 001 | UCR2786 | ||
| 003 | CL-VaPUC | ||
| 008 | 980116e19800000IT |||||||||||||||||ita|d | ||
| 082 | 0 | 4 | |a 340.5406 |b BIS |2 21 |
| 100 | 0 | |a Biscardi, Arnaldo |e author |9 401148 | |
| 245 | 1 | 0 | |a Atti del II Seminario Romanistico Gardesano. Promosso dall'Istituto Milanese de Diritto Roamno e toria dei Diritti Antichi |
| 300 | |a 575 p | ||
| 942 | |c BK | ||
| 945 | |d 19980116 00:00:00 |a aolguin | ||
| 260 | |a Milán |b Dott. A. Giuffrè |c 1980 | ||
| 650 | 0 | |a Derecho romano |9 255930 | |
| 650 | 0 | |a Derecho público |9 255910 | |
| 650 | 0 | |a Derecho privado |9 258243 | |
| 650 | 0 | |a Historia |9 255047 | |
| 650 | 7 | |a INTERPRETACION DEL DERECHO |2 CL-VaPUC |9 401149 | |
| 650 | 7 | |a DERECHO PENAL |2 CL-VaPUC |9 11 | |
| 650 | 0 | |a Política |9 255312 | |
| 650 | 0 | |a Congresos |9 257560 | |
| 583 | |a last modification |c 19980116 00:00:00 |k Rodrigo Vera | ||
| 490 | 0 | |a Pubblicazioni dell'Istituto de Diritto Romano, 15 | |
| 999 | |c 265913 |d 265911 | ||
| 952 | |0 0 |1 0 |4 0 |6 340_540600000000000_BIS_1980 |7 0 |8 DER_ROM |9 297059 |a BIBDER |b BIBDER |d 2019-11-20 |i 1931369 |l 1 |o 340.5406 BIS 1980 |p 1931369 |r 2023-01-25 |s 2020-03-17 |w 2019-11-20 |x Ubicación 4to piso |y BK |z Este recurso debe solicitarse con anticipación |k DER | ||